Construction law (Record no. 72261)
[ view plain ]
| 000 -LEADER | |
|---|---|
| fixed length control field | 01075cam a2200217 4500 |
| 001 - CONTROL NUMBER | |
| control field | ABS66406 |
| 008 - FIXED-LENGTH DATA ELEMENTS--GENERAL INFORMATION | |
| fixed length control field | 030307n2003 000 0 eng u |
| 035 ## - SYSTEM CONTROL NUMBER | |
| System control number | (Sirsi) u121564 |
| 100 ## - MAIN ENTRY--PERSONAL NAME | |
| Personal name | Seddon, J. |
| 245 ## - TITLE STATEMENT | |
| Title | Construction law |
| 260 ## - PUBLICATION, DISTRIBUTION, ETC. | |
| Date of publication, distribution, etc. | 2003 |
| 490 ## - SERIES STATEMENT | |
| Series statement | Property Law |
| Volume/sequential designation | (62) January 2003, 1-3(3) |
| 520 ## - SUMMARY, ETC. | |
| Summary, etc. | Discusses how every construction project is different leading to its own set of problems for the developer. Highlights some of the common pitfalls that can occur, such as the breakdown of communication between the construction professionals involved, the timing of the procurement routes, the certainty as to the end product and documentation routines. If all these factors are given equal importance there is more possibility that a project will be completed dispute-free, on time and within budget. (See also Abs67030 and Abs67039). |
| 590 ## - LOCAL NOTE (RLIN) | |
| Local note | ABS |
| 650 ## - SUBJECT ADDED ENTRY--TOPICAL TERM | |
| Topical term or geographic name entry element | Procurement-old |
| 650 ## - SUBJECT ADDED ENTRY--TOPICAL TERM | |
| Topical term or geographic name entry element | COMMUNICATION |
| 650 ## - SUBJECT ADDED ENTRY--TOPICAL TERM | |
| Topical term or geographic name entry element | BUILT ENVIRONMENT-BUILDING COSTS |
| 650 ## - SUBJECT ADDED ENTRY--TOPICAL TERM | |
| Topical term or geographic name entry element | DOCUMENTATION |
| 690 ## - LOCAL SUBJECT ADDED ENTRY--TOPICAL TERM (OCLC, RLIN) | |
| Topical term or geographic name as entry element | BUILDING AND CONSTRUCTION-LAW |
| 942 ## - ADDED ENTRY ELEMENTS (KOHA) | |
| Suppress in OPAC | 0 |
| Withdrawn status | Lost status | Source of classification or shelving scheme | Damaged status | Not for loan | Home library | Current library | Shelving location | Date acquired | Total Checkouts | Full call number | Barcode | Date last seen | Copy number | Price effective from | Koha item type |
|---|---|---|---|---|---|---|---|---|---|---|---|---|---|---|---|
| Dewey Decimal Classification | London | London | Journal article | 07/03/2003 | ABS66406 | 121564-1001 | 06/08/2019 | 1 | 06/08/2019 | Journal article |